| 000 | 00773nam a2200217Ia 4500 | ||
|---|---|---|---|
| 003 | GCL | ||
| 005 | 20240530101947.0 | ||
| 008 | 140319s9999 xx 000 0 ara d | ||
| 040 |
_aGCL / _cGCL |
||
| 082 | 0 | 4 |
_a347.08 _bم د |
| 100 | 1 | _aمحمد المنجى | |
| 245 | 1 | 0 |
_aدعوى التعويض: مراحل الدعوى من تحرير الصحفية الى الطعن بالنقض / _cمحمد المنجى |
| 260 |
_a[S.N] : _bمكتبه النهضه المصريه ، _c1990 |
||
| 300 | _a399 ص | ||
| 490 |
_aالكتب القانونية _v0 |
||
| 650 | 0 | 4 | _aالقانون |
| 650 | 0 | 4 | _aقانون الاجراءات المدنية |
| 650 | 0 | 4 | _aمحاكم النقض والابرام |
| 650 | 0 | 4 | _aالمعارضة فى الاحكام |
| 942 |
_2ddc _cBK |
||
| 999 |
_c29009 _d29009 |
||